| 000 | 00597nam a2200241 a 4500 | ||
|---|---|---|---|
| 001 | 0001-1322 | ||
| 003 | ELIB.Books | ||
| 008 | 150806 2010 eng | ||
| 020 | _a0849916291 | ||
| 035 | _a(ELIB.Books)0001-1477 | ||
| 092 |
_a248.4 _bDob |
||
| 100 | _aDobsom, James. | ||
| 245 | _aLife On The Edge | ||
| 260 |
_aNashville: _bA Thomas Nelson Company _c2000 |
||
| 300 |
_a110 _c20 Cm |
||
| 500 | _aDr. Min Oo | ||
| 650 | _aChristian Life | ||
| 856 |
_nKBTS: Library _uKBTS: Elib |
||
| 942 |
_2ddc _cBK |
||
| 990 | _a1 | ||
| 998 |
_cbat _e2015-08-06 |
||
| 999 |
_c11322 _d11322 |
||